UBT Library

Community nutrition / (Record no. 43913)

000 -LEADER
fixed length control field 00613pam a2200241 a 4500
001 - CONTROL NUMBER
control field 3805414
005 - DATE AND TIME OF LATEST TRANSACTION
control field 20180302033031.0
008 - FIXED-LENGTH DATA ELEMENTS--GENERAL INFORMATION
fixed length control field 850712s1986 nyua b 001 0 eng c
010 ## - LIBRARY OF CONGRESS CONTROL NUMBER
LC control number 85016910
020 ## - INTERNATIONAL STANDARD BOOK NUMBER
International Standard Book Number 047182187X
040 ## - CATALOGING SOURCE
Original cataloging agency DNLM/DLC
Transcribing agency DLC
Modifying agency DLC
041 ## - LANGUAGE CODE
Language code of text/sound track or separate title eng
043 ## - GEOGRAPHIC AREA CODE
Geographic area code n-us---
060 ## - NATIONAL LIBRARY OF MEDICINE CALL NUMBER
Classification number WA 546 AA1 O14c
080 ## - UNIVERSAL DECIMAL CLASSIFICATION NUMBER
Universal Decimal Classification number 363.8809
082 00 - DEWEY DECIMAL CLASSIFICATION NUMBER
Classification number 363.8809 OBE
Edition number 19
100 1# - Rafti
Rafti 10
101 ## - Shkurtesa
Shkurtesa SHU
245 10 - TITLE STATEMENT
Title Community nutrition /
Statement of responsibility, etc Jessie Craig Obert.
504 ## - BIBLIOGRAPHY, ETC. NOTE
Bibliography, etc Includes bibliographies and index.
906 ## - LOCAL DATA ELEMENT F, LDF (RLIN)
a 7
b cbc
c orignew
d 1
e ocip
f 19
g y-gencatlg
942 ## - ADDED ENTRY ELEMENTS (KOHA)
Source of classification or shelving scheme
Item type Books
Holdings
Withdrawn status Lost status Source of classification or shelving scheme Damaged status Not for loan Collection code Permanent location Current location Shelving location Date acquired Total Checkouts Full call number Barcode Date last seen Price effective from Koha item type
          Koleksioni i përgjithshem UBT - Lipjan UBT - Lipjan Koleksioni i përgjithshem 03/02/2018   363.8809 OBE 002-3000777 03/02/2018 03/02/2018 Books
UBT Library © 2015-2024. All rights reserved University Education for Business and Technology